000 00440nam a2200181Ia 4500
001 11144
005 20260306161924.0
008 260306t1991||||xx |||||||||||||| ||spa||
041 _aESP
082 _a985.0093
_bG22 T. 1
100 _aGarcilaso de la Vega, Inca
_eAUT
245 0 _aComentarios reales de los incas
260 _c1991
300 _a411 páginas :
_ccm.
650 _aGEN
654 _aCHU
942 _cLIB
_dJUS
_fJUS
_2ddc
_n
999 _c11144
_d11144